| 000 | 00628nam a2200205 4500 | ||
|---|---|---|---|
| 001 | 121684 | ||
| 003 | ES-MaACL | ||
| 005 | 20230906191812.0 | ||
| 007 | t| | ||
| 008 | 070214s1957 sp r ||||1| spa d | ||
| 100 | 1 |
_aPorter, Eric. _993228 |
|
| 245 | 1 | 3 |
_aEl hijo de Saturno / _cEric Porter ; versión española de Carlos Paytuvi de Sierra. |
| 260 |
_aBarcelona : _bLuis de Caralt, _c1957. |
||
| 300 |
_a367 p. ; _c20 cm. |
||
| 490 | 1 | _aLa novela histórica | |
| 700 | 0 |
_aPaytuví de Sierra, Carlos. _989742 |
|
| 830 | 0 |
_aLa novela histórica _9182621 |
|
| 852 |
_aES-MaACL _jC-13813 _bR.41571 |
||
| 999 |
_c121684 _d121684 |
||